000
00295nam a2200121Ia 4500
008
241002s9999 xx 000 0 und d
082
_a
808.888 HER
100
_a
Aubrey, De Selincount
245
0
_a
Herodotus the Histories
260
_a
Middle east:
_c
1966
600
_a
Literature
942
_c
UC
999
_c
19003
_d
19003